| 000 | 00524nam a2200169 i 4500 | ||
|---|---|---|---|
| 001 | 99457 | ||
| 003 | ES-MaACL | ||
| 005 | 20230906182512.0 | ||
| 007 | t| | ||
| 008 | 050908s1972 sp ||||1| spa d | ||
| 100 | 1 |
_aMartinet, André. _977704 |
|
| 245 | 1 | 3 |
_aLa lingüística _b: guía alfabética / _cbajo la dirección de André Martinet; traducción Carlos Manzano. |
| 260 |
_aBarcelona : _bAnagrama, _c1972. |
||
| 300 |
_a484 p. ; _c23 cm. |
||
| 700 | 1 |
_aManzano, Carlos. _976216 |
|
| 852 |
_aES-MaACL _jC-51892 _bR.85484 |
||
| 999 |
_c99457 _d99457 |
||